[Event "Barcelona Sant Marti op-A 23rd"]
[Site "Barcelona"]
[Date "2023.07.16"]
[Round "4"]
[White "Netto Schneider, Gerard"]
[Black "Gijsen, William"]
[Result "0-1"]
[WhiteElo "1730"]
[BlackElo "2144"]
[PlyCount "88"]
[EventDate "2023.07.13"]
[EventType "swiss"]
[EventRounds "9"]
[EventCountry "ESP"]
[SourceTitle "CBM 215 Extra"]
[Source "ChessBase"]
[SourceDate "2023.09.30"]
[SourceVersion "1"]
[SourceVersionDate "2023.09.30"]
[SourceQuality "1"]

1. Nf3 d5 2. d3 Nf6 3. Nbd2 c5 4. e4 Nc6 5. c3 e5 6. Be2 Be7 7. h3 0-0 8. a4 b6 9. Qc2 Ba6 10. Nf1 c4 11. dxc4 dxe4 12. Ng5 Bb7 13. Ng3 h6 14. N5xe4 Nxe4 15. Nxe4 f5 16. Nd2 Qe8 17. Nb3 Qg6 18. Rg1 Qf7 19. f4 Rae8 20. Bd2 exf4 21. 0-0-0 Ne5 22. Bxf4 Be4 23. Qd2 Nxc4 24. Qe1 g5 25. Rd4 Rc8 26. Qf1 Bd5 27. Nd2 Na5 28. Ba6 Rcd8 29. Bc7 Rd7 30. Qd3 Bc5 31. Be5 Bxd4 32. Bxd4 Nc6 33. Nf3 Bxf3 34. gxf3 Nxd4 35. cxd4 Qd5 36. Bc4 Rc8 37. b3 Rxc4+ 38. Qxc4 Qxc4+ 39. bxc4 Rxd4 40. Kc2 Rxc4+ 41. Kb3 Rf4 42. Rg3 Kf7 43. Ka3 Kf6 44. Kb3 h5 0-1

[Event "Barcelona Sant Marti op-A 23rd"]
[Site "Barcelona"]
[Date "2023.07.13"]
[Round "1"]
[White "Dhruva, Thota"]
[Black "Netto Schneider, Gerard"]
[Result "1-0"]
[WhiteElo "2079"]
[BlackElo "1730"]
[PlyCount "71"]
[EventDate "2023.07.13"]
[EventType "swiss"]
[EventRounds "9"]
[EventCountry "ESP"]
[SourceTitle "CBM 215 Extra"]
[Source "ChessBase"]
[SourceDate "2023.09.30"]
[SourceVersion "1"]
[SourceVersionDate "2023.09.30"]
[SourceQuality "1"]

1. e4 d6 2. d4 Nf6 3. Nc3 e5 4. Nf3 Nbd7 5. Bc4 h6 6. h3 c6 7. a4 a5 8. 0-0 Be7 9. Be3 Qc7 10. dxe5 dxe5 11. Nh4 g6 12. Qb1 Nh5 13. Nf3 g5 14. Qa2 Rh7 15. Rfd1 Rg7 16. Rd2 Ndf6 17. Qb3 Nf4 18. Rad1 Bb4 19. Rd8+ Ke7 20. Qxb4+ axb4 21. Bc5+ Qd6 22. R1xd6 Ne8 23. Rd2+ Kf6 24. Rxe8 bxc3 25. Be7+ Kg6 26. Nxe5+ Kh7 27. bxc3 Ng6 28. Nxg6 Kxg6 29. Rd6+ Kh7 30. Bf6 Rxa4 31. Bxg7 Rxc4 32. Bd4 Be6 33. Rh8+ Kg6 34. g4 c5 35. Rg8+ Kh7 36. Rg7+ 1-0